Immigration of East Bengal farm settlers and agricultural development of the Assam valley, 1901-1947 (Record no. 15025)

MARC details
000 -LEADER
fixed length control field 00517nam a2200157Ia 4500
082 ## - DEWEY DECIMAL CLASSIFICATION NUMBER
Classification number TD.0250
100 ## - MAIN ENTRY--AUTHOR NAME
Personal name Doullah, Sujaub
245 #0 - TITLE STATEMENT
Title Immigration of East Bengal farm settlers and agricultural development of the Assam valley, 1901-1947
260 ## - PUBLICATION, DISTRIBUTION, ETC. (IMPRINT)
Year of publication 1994
Name of publisher Dibrugarh University
300 ## - PHYSICAL DESCRIPTION
Number of Pages 262p. + C D - 64
650 ## - SUBJECT ADDED ENTRY--TOPICAL TERM
Topical Term AGRICULTURE - ASSAM - 1901-1947
650 ## - SUBJECT ADDED ENTRY--TOPICAL TERM
Topical Term BANGLADESH - RURAL CONDITIONS
650 ## - SUBJECT ADDED ENTRY--TOPICAL TERM
Topical Term MIGRANT AGRICULTURAL LABOURERS - EAST BENGAL
710 ## - ADDED ENTRY--CORPORATE NAME
Corporate name or jurisdiction name as entry element Goswami, Homeswar
942 ## - ADDED ENTRY ELEMENTS (KOHA)
Koha item type Thesis
Source of classification or shelving scheme Dewey Decimal Classification
Holdings
Withdrawn status Lost status Damaged status Not for loan Home library Current library Date acquired Bill Date Full call number Accession Number Price effective from Koha item type
        NASSDOC Library NASSDOC Library 08/10/2004 2008-12-30 TD.0250 35427 18/04/2019 Thesis